000 00921cam a22003017a 4500
003 CHAP
005 20220329142429.0
008 010123d1999 us d r 00110 eng d
010 _a83328
011 _a84300
020 _a0761993088
035 _a94819
040 _cCHAP
082 0 4 _a301.35 S34 1999
100 0 0 _aSingh, Katar.
_9106621
245 1 0 _aRural development:
_bprinciples, policies and management
_c/by Katar Singh
250 _a2 ed.
260 _aNew Delhi :
_bSage,
_c1999
300 _a353 p. :
_bgráfs. ; tablas ; diagramas
590 _aBATCH-UPD
_b10
_c20130110
_lUCH01
_h0349
590 _aCONVERSION
_b10
_c20130109
_lUCH01
_h1346
650 1 4 _aDesarrollo rural.
_932067
650 1 4 _aProyectos de desarrollo.
_992528
901 _aBK
905 _aMarco A. Mendoza T.
942 _cLIBRO
949 _a301.35 S34 1999
_bBC
_cLIBRO
_d33724000810297
_eLIBRO
_gI.208949
_h99424
_i94819
_sex
_t$480.00
999 _c83328
_d83328